000 00390nam a2200133Ia 4500
008 191014s9999 xx 000 0 und d
020 _a981-02-3450-3
082 _a530.5
_bSOL
100 _aJoan Sola
_923982
245 0 _aProceedings of the International Workshop on Quantum Effects in the MSSM
260 _aSingapore
_bWorld Scientific Company
_c1998
300 _aXi,450
942 _cBK
999 _c531136
_d531136